Iqbal (An Illustrated Biography) / Khurram Ali Shafique (Record no. 20613)
[ view plain ]
| 000 -LEADER | |
|---|---|
| fixed length control field | 00791nam a22001817a 4500 |
| 005 - DATE AND TIME OF LATEST TRANSACTION | |
| control field | 20220203151415.0 |
| 008 - FIXED-LENGTH DATA ELEMENTS--GENERAL INFORMATION | |
| fixed length control field | 220203b ||||| |||| 00| 0 eng d |
| 020 ## - INTERNATIONAL STANDARD BOOK NUMBER | |
| International Standard Book Number | 978-969-416-527-1 |
| 040 ## - CATALOGING SOURCE | |
| Transcribing agency | UE-CL |
| 082 ## - DEWEY DECIMAL CLASSIFICATION NUMBER | |
| Classification number | 928.91 |
| Item number | Sh134 |
| 110 ## - MAIN ENTRY--CORPORATE NAME | |
| Corporate name or jurisdiction name as entry element | Shafique, Khurram Ali |
| 245 ## - TITLE STATEMENT | |
| Title | Iqbal (An Illustrated Biography) / Khurram Ali Shafique |
| 260 ## - PUBLICATION, DISTRIBUTION, ETC. (IMPRINT) | |
| Place of publication, distribution, etc | Lahore |
| Name of publisher, distributor, etc | Iqbal Academy Pakistan |
| Date of publication, distribution, etc | 2018 |
| 300 ## - PHYSICAL DESCRIPTION | |
| Extent | 208 p. |
| 650 ## - SUBJECT ADDED ENTRY--TOPICAL TERM | |
| Topical term or geographic name as entry element | Biography - Iqbal - Philospher |
| 942 ## - ADDED ENTRY ELEMENTS (KOHA) | |
| Koha item type | Books |
| 505 ## - FORMATTED CONTENTS NOTE | |
| Formatted contents note | Contents<br/><br/>Preface<br/><br/>Prologue Voices<br/><br/>Chapter 1<br/>The Young Poet Philosopher (1877-1905)<br/><br/>Chapter 2<br/>The Dark Night of the Soul (1905-13)<br/><br/>Chapter 3<br/>Illustration (1914-22)<br/><br/>Chapter 4<br/>Unsuspected Harmonies (1923-30)<br/><br/>Chapter 5<br/>What Lies Beyond (1931-38)<br/><br/>Epilogue Legacy<br/>Chronology<br/> |
| Withdrawn status | Damaged status | Not for loan | Home library | Current library | Date acquired | Full call number | Barcode | Date last seen | Price effective from | Koha item type |
|---|---|---|---|---|---|---|---|---|---|---|
| UE-Central Library | UE-Central Library | 03.02.2022 | 928.91 Sh134 | T15120 | 03.02.2022 | 03.02.2022 | Books | |||
| UE-Central Library | UE-Central Library | 03.02.2022 | 928.91 Sh134 | T15121 | 03.02.2022 | 03.02.2022 | Books | |||
| UE-Central Library | UE-Central Library | 03.02.2022 | 928.91 Sh134 | T15122 | 03.02.2022 | 03.02.2022 | Books |
